Commercial property and construction insurance: a guide for investors, occupiers, bankers, developers and contractors. (Record no. 91356)

MARC details
000 -LEADER
fixed length control field 00845cam a2200289 4500
001 - CONTROL NUMBER
control field J1464
008 - FIXED-LENGTH DATA ELEMENTS--GENERAL INFORMATION
fixed length control field 090401t1993 xxu||||| |||| 00| 0 eng d
035 ## - SYSTEM CONTROL NUMBER
System control number (Sirsi) u43565
041 ## - LANGUAGE CODE
Language code of text/sound track or separate title eng
050 ## - LIBRARY OF CONGRESS CALL NUMBER
Classification number 368.56
110 ## - MAIN ENTRY--CORPORATE NAME
Corporate name or jurisdiction name as entry element Bain Clarkson
9 (RLIN) 3428
245 ## - TITLE STATEMENT
Title Commercial property and construction insurance: a guide for investors, occupiers, bankers, developers and contractors.
260 ## - PUBLICATION, DISTRIBUTION, ETC.
Place of publication, distribution, etc. London
Name of publisher, distributor, etc. CSW - The Property Week
Date of publication, distribution, etc. 1993
300 ## - PHYSICAL DESCRIPTION
Extent 43p. ; 30cm.
350 ## - PRICE (NR) (BK AM CF MU VM SE) [OBSOLETE]
Price 0
650 ## - SUBJECT ADDED ENTRY--TOPICAL TERM
Topical term or geographic name entry element CHARTERED SURVEYOR WEEKLY
650 ## - SUBJECT ADDED ENTRY--TOPICAL TERM
Topical term or geographic name entry element PROPERTY-COMMERCIAL PROPERTY
650 ## - SUBJECT ADDED ENTRY--TOPICAL TERM
Topical term or geographic name entry element CONSTRUCTION INSURANCE
650 ## - SUBJECT ADDED ENTRY--TOPICAL TERM
Topical term or geographic name entry element RISK MANAGEMENT
650 ## - SUBJECT ADDED ENTRY--TOPICAL TERM
Topical term or geographic name entry element TERRORISM COVER
650 ## - SUBJECT ADDED ENTRY--TOPICAL TERM
Topical term or geographic name entry element TERRORISM
690 ## - LOCAL SUBJECT ADDED ENTRY--TOPICAL TERM (OCLC, RLIN)
Topical term or geographic name as entry element Insurance
9 (RLIN) 6249
710 ## - ADDED ENTRY--CORPORATE NAME
Corporate name or jurisdiction name as entry element Clifford Chance
9 (RLIN) 2015
710 ## - ADDED ENTRY--CORPORATE NAME
Corporate name or jurisdiction name as entry element Thomas Howell Group
9 (RLIN) 3430
942 ## - ADDED ENTRY ELEMENTS (KOHA)
Suppress in OPAC 0
948 ## - LOCAL PROCESSING INFORMATION (OCLC); SERIES PART DESIGNATOR (RLIN)
c (OCLC) 04/03/1997
Holdings
Withdrawn status Lost status Source of classification or shelving scheme Damaged status Not for loan Home library Current library Shelving location Date acquired Total Checkouts Full call number Barcode Date last seen Date last checked out Copy number Price effective from Koha item type
    Dewey Decimal Classification     London London Basement 23/04/1993 3 BASEMENT 30038496 06/08/2019 30/04/2007 1 06/08/2019 Book